Sororities on UCF Campus Quiz Stats

 Plays Quiz not verified by Sporcle

Support Sporcle.
Go Orange.
Score 0/55 Timer 20:00
0 Plays Today
Hint Answer % Correct
Kappa Delta's Nickname K-D
87.3%
Alpha Delta Pi's NicknameA-D-Pi
85.5%
Kappa Alpha Theta's nickname Theta
83.6%
Kappa Kappa Gamma's nickname Kappa
83.6%
Delta Delta Delta's nickname Tri Delt
83.6%
Zeta Tau Alpha's nickname Zeta
81.8%
Alpha Eplsion Phi's Nichname A E Phi
80%
Chi Omega's Nickname Chi O
80%
Delta Zeta's nickname DZ
80%
Pi Beta Phi's nicknamePi Phi
78.2%
Alpha Xi Delta's NicknameAlpha Xi
76.4%
Alpha Eplsion Phi's MascotGiraffe
74.5%
Alpha Eplsion Phi's Symbol Pearl
74.5%
Alpha Eplsion Phi's colorsGreen and White
74.5%
Kappa Alpha Theta's symbolkite
74.5%
Alpha Delta Pi's Mascotlion
74.5%
Chi Omega's Mascotowl
72.7%
Delta Delta Delta's mascot dolphin
72.7%
Kappa Delta's Mascot Teddy Bear
70.9%
Kappa Alpha Theta's mascot cat
70.9%
Kappa Alpha Theta's colorblack and gold
70.9%
Kappa Alpha Theta's Flower Black and Gold Pansy
69.1%
Zeta Tau Alpha's symbolStrawberry and Crown
69.1%
Kappa Delta's FlowerWhite Rose
67.3%
Chi Omega's colors Cardinal and Straw
67.3%
Alpha Delta Pi's flower Woodland Violet
67.3%
Delta Zeta's mascot turtle
67.3%
Zeta Tau Alpha's MascotBunny
65.5%
Hint Answer % Correct
Delta Delta Delta's symbolcrescent
65.5%
Alpha Eplsion Phi's FlowerLily of the Valley
63.6%
Kappa Delta's colorsOlive Green and Pearl White
63.6%
Delta Delta Delta's flower pansy
63.6%
Alpha Delt Pi's SymbolDiamond
62.5%
Chi Omega's symbol Pearl
61.8%
Chi Omega's FlowerWhite Carnation
60%
Pi Beta Phi's mascotAngel
60%
Pi Beta Phi's Symbolarrow
60%
Zeta Tau Alpha's Flower White Violet
60%
Alpha Delta Pi's colors Azure Blue and White
60%
Kappa Kappa Gamma's colorslight blue and dark blue
60%
Alpha Xi Delta's flowerkillarney rose
58.2%
Zeta Tau Alpha's colorsTurquoise Blue and Steel Gray
58.2%
Kappa Kappa Gamma's mascot Owl
58.2%
Kappa Delta's Symbol Nautilus Shell and Dagger
56.4%
Alpha Xi Delta's Mascotteddy bear
56.4%
Alpha Xi Delta's SymbolQuill
56.4%
Pi Beta Phi's flowerwine carnation
52.7%
Delta Zeta's symbol Roman Lamp
52.7%
Kappa Kappa Gamma's FlowerFleur-de-lis
50.9%
Kappa Kappa Gamma's symbolGolden Key
50.9%
Delta Delta Delta's colors silver, gold, and blue
50.9%
Delta Zeta's colorsRose and Green
49.1%
Alpha Xi Delta's colorsLight Blue, Dark Blue, and Gold
47.3%
Delta Zeta's Flower Pink Killarney Rose
47.3%
Pi Beta Phi's colorswine and silver blue
45.5%

You're not logged in!

Compare scores with friends on all Sporcle quizzes.
OR
Log In

From the Vault

Twinkle, Twinkle, Little Star

by goc3

Too bad its sister song, 'Sparkle, Sparkle, Giant Star' never caught on in the same way.
Remove Ads.
Support Sporcle.
Get the best of Sporcle when you Go Orange. This ad-free experience offers more features, more stats, and more fun while also helping to support Sporcle. Thank you for becoming a member.

Show Comments

Extras

Created Feb 6, 2017ReportNominate
Tags:camp

Top Quizzes Today


Score Distribution

Your Account Isn't Verified!

In order to create a playlist on Sporcle, you need to verify the email address you used during registration. Go to your Sporcle Settings to finish the process.

Report this User

Report this user for behavior that violates our Community Guidelines.

Details: